Online
Catalog

Guzmán Blanco intimo / (Record no. 7272)

MARC details
000 -CABECERA
campo de control de longitud fija 00805cam a2200241 a 4500
001 - NÚMERO DE CONTROL
campo de control 000007491
003 - IDENTIFICADOR DEL NÚMERO DE CONTROL
campo de control DO-SdBNP
005 - FECHA Y HORA DE LA ÚLTIMA TRANSACCIÓN
campo de control 20250623141021.0
008 - DATOS DE LONGITUD FIJA--INFORMACIÓN GENERAL
campo de control de longitud fija 780118s1969 ve ac b 000 0bspa
035 ## - NÚMERO DE CONTROL DEL SISTEMA
Número de control de sistema (DLC) 75481660
040 ## - FUENTE DE LA CATALOGACIÓN
Centro catalogador/agencia de origen DO-SdBNP
Centro/agencia transcriptor DLC
Centro/agencia modificador DLC
-- BNPHU
049 ## - FONDOS LOCALES (OCLC)
Fondos de biblioteca BNGR
082 ## - NÚMERO DE LA CLASIFICACIÓN DECIMAL DEWEY
Número de clasificación 923.587
Número de documento/Ítem G993C
100 1# - ENTRADA PRINCIPAL--NOMBRE DE PERSONA
Nombre de persona Castellanos, Rafael Ramón,
Fechas asociadas al nombre 1932-
9 (RLIN) 20807
245 10 - MENCIÓN DE TÍTULO
Título Guzmán Blanco intimo /
Mención de responsabilidad, etc. Rafael Ramón Castellanos.
260 ## - PUBLICACIÓN, DISTRIBUCIÓN, ETC.
Lugar de publicación, distribución, etc. Caracas :
Nombre del editor, distribuidor, etc. Libreria Historia,
Fecha de publicación, distribución, etc. 1969.
300 ## - DESCRIPCIÓN FÍSICA
Extensión 530 p. :
Otras características físicas il., ports. ;
Dimensiones 24 cm.
500 ## - NOTA GENERAL
Nota general Incluye cartas de Antonio Guzmán Blanco, a Ana Teresa Ibarra de Guzmán Blanco
504 ## - NOTA DE BIBLIOGRAFÍA, ETC.
Nota de bibliografía, etc. Bibliografía: p. 529-530.
650 #4 - PUNTO DE ACCESO ADICIONAL DE MATERIA--TÉRMINO DE MATERIA
Término de materia o nombre geográfico como elemento de entrada Presidentes
Subdivisión geográfica Venezolanos
Subdivisión general Correspondencia
9 (RLIN) 20810
910 ## - DATOS DE OPCIÓN DEL USUARIO (OCLC)
Datos de opción del usuario Catalogación por copia / LC
942 ## - ELEMENTOS DE PUNTO DE ACCESO ADICIONAL (KOHA)
Fuente del sistema de clasificación o colocación Dewey Decimal Classification
Tipo de ítem Koha Libro
Holdings
Estado de retiro Estado de pérdida Restricciones de uso No para préstamo Código de colección Localización permanente Ubicación/localización actual Ubicación en estantería Fecha de adquisición Número de inventario Total de préstamos Signatura topográfica completa Código de barras Fecha visto por última vez Precio válido a partir de Tipo de ítem Koha
    Préstamo interno   Monografías: Libros y Folletos General General En catalogación 08.09.2009 LF1   923.587 G993C 7491-10 25.06.2020 25.06.2020 Préstamo interno

Powered by Koha